LIBRARY & INFORMATION CENTRE, KCAET, TAVANUR

ONLINE PUBLIC ACCESS CATALOGUE (OPAC)

Irrigation Engineering / (Record no. 1375)

MARC details
000 -LEADER
fixed length control field 00392cam a2200169ua 4500
003 - CONTROL NUMBER IDENTIFIER
control field OSt
008 - FIXED-LENGTH DATA ELEMENTS--GENERAL INFORMATION
fixed length control field 220924b |||||||| |||| 00| 0 eng d
041 ## - LANGUAGE CODE
Language code of text/sound track or separate title eng
082 ## - DEWEY DECIMAL CLASSIFICATION NUMBER
Classification number 631.587
Item number BIR/IR
100 ## - MAIN ENTRY--AUTHOR NAME
Personal name Birdie, G.S
245 ## - TITLE STATEMENT
Title Irrigation Engineering /
250 ## - EDITION STATEMENT
Edition statement 1 /
260 ## - PUBLICATION, DISTRIBUTION, ETC. (IMPRINT)
Place of publication :
Name of publisher Dhanpat Rai & sons ,
Year of publication 1983.
300 ## - PHYSICAL DESCRIPTION
Number of Pages 753 ; .
700 1# - ADDED ENTRY--PERSONAL NAME
Personal name , .
942 ## - ADDED ENTRY ELEMENTS (KOHA)
Koha item type Books
Holdings
Withdrawn status Lost status Damaged status Home library Current library Date acquired Full call number Accession Number Koha item type
      KAUAET KAUAET 07/04/2012 631.587 14574 Books
free website counter